[Event "GER-chT U20"]
[Site "Naumburg Saale"]
[Date "2014.12.28"]
[Round "4.5"]
[White "Kean, Christopher"]
[Black "Ngo, Minh Duc"]
[Result "0-1"]
[WhiteElo "2003"]
[BlackElo "1960"]
[PlyCount "126"]
[EventDate "2014.12.27"]
[EventType "team-swiss"]
[EventRounds "7"]
[EventCountry "GER"]
[SourceTitle "EXT 2016"]
[Source "ChessBase"]
[SourceDate "2015.10.08"]
[SourceVersion "1"]
[SourceVersionDate "2015.10.08"]
[SourceQuality "1"]
[WhiteTeam "Bebenhausen"]
[BlackTeam "Wildeshausen"]
[WhiteTeamCountry "GER"]
[BlackTeamCountry "GER"]

1. d4 Nf6 2. Bg5 Ne4 3. h4 c5 4. d5 Qb6 5. Qc1 g6 6. Nf3 Bg7 7. c3 Qd6 8. Qd1 e6 9. Nbd2 Nxg5 10. hxg5 exd5 11. Nc4 Qe6 12. Ne3 d4 13. cxd4 cxd4 14. Nc2 d3 15. Qxd3 Bxb2 16. Rh4 0-0 17. Rb1 Qxa2 18. Nb4 Bc3+ 19. Kd1 Bxb4 20. Rbxb4 Nc6 21. Ra4 Qb2 22. Qd6 b5 23. Raf4 Qb1+ 24. Kd2 Qa2+ 25. Kd1 Qb3+ 26. Kd2 Qe6 27. Qa3 Ne5 28. Qa1 Nxf3+ 29. gxf3 Qd5+ 30. Ke1 Qxg5 31. Rfg4 Qe7 32. Re4 Qd8 33. Qd4 d5 34. Rxh7 Kxh7 35. Rh4+ Qxh4 36. Qxh4+ Kg8 37. e3 Be6 38. Qf6 Bf5 39. Bxb5 Rab8 40. Bc6 Rb1+ 41. Kd2 Rb6 42. e4 dxe4 43. Ke3 Rc8 44. fxe4 Rbxc6 45. Qa1 Rc3+ 46. Kf4 R8c4 47. f3 Be6 48. Qxa7 Rb3 49. Qa8+ Rc8 50. Qa5 Rcc3 51. Qd8+ Kg7 52. Qd4+ Kh7 53. Ke5 Rxf3 54. Qd8 Rb5+ 55. Kd4 Rh5 56. Qe7 Rfh3 57. Qf6 R3h4 58. Qe7 Rg4 59. Qd8 Rhh4 60. Ke5 Rxe4+ 61. Kf6 Rhf4+ 62. Ke7 Bd7+ 63. Kf8 Re8+ 0-1

[Event "Stuttgart-chA int"]
[Site "Gerlingen"]
[Date "2011.06.03"]
[Round "4"]
[White "Kean, Christopher"]
[Black "Schaffert, Walter"]
[Result "0-1"]
[WhiteElo "1791"]
[BlackElo "1944"]
[PlyCount "54"]
[EventDate "2011.06.02"]
[EventType "swiss"]
[EventRounds "7"]
[EventCountry "GER"]
[SourceTitle "EXT 2018"]
[Source "ChessBase"]
[SourceDate "2017.10.13"]
[SourceVersion "1"]
[SourceVersionDate "2017.10.13"]
[SourceQuality "1"]

1. c4 e6 2. g3 c5 3. Bg2 Nf6 4. Nc3 Be7 5. e4 d6 6. Nge2 0-0 7. d3 Nc6 8. h3 a6 9. Be3 Rb8 10. a4 b6 11. e5 Nxe5 12. 0-0 Bb7 13. f4 Nc6 14. g4 d5 15. g5 d4 16. gxf6 Bxf6 17. Bf2 dxc3 18. bxc3 Ne7 19. d4 Bxg2 20. Kxg2 cxd4 21. cxd4 Nf5 22. Kh2 Rb7 23. Ra3 Rd7 24. Rd3 Qc7 25. d5 Qxc4 26. Bxb6 Rxd5 27. Rxd5 exd5 0-1

[Event "Stuttgart-chB int"]
[Site "Ditzingen"]
[Date "2010.05.16"]
[Round "7"]
[White "Grunow, Carmen"]
[Black "Kean, Christopher"]
[Result "1-0"]
[WhiteElo "1418"]
[BlackElo "1661"]
[PlyCount "118"]
[EventDate "2010.05.13"]
[EventType "swiss"]
[EventRounds "7"]
[EventCountry "GER"]
[SourceTitle "EXT 2018"]
[Source "ChessBase"]
[SourceDate "2017.10.13"]
[SourceVersion "1"]
[SourceVersionDate "2017.10.13"]
[SourceQuality "1"]

1. e4 g6 2. Nf3 Bg7 3. d4 d6 4. Nc3 a6 5. Be3 b5 6. a3 Bb7 7. Qd2 Nd7 8. Bd3 c5 9. dxc5 Nxc5 10. Rb1 Nf6 11. Bh6 0-0 12. Bxg7 Kxg7 13. Qe2 Nxd3+ 14. Qxd3 Rc8 15. 0-0 Qb6 16. e5 dxe5 17. Nxe5 Rfd8 18. Qe2 Nd5 19. Nxd5 Bxd5 20. c3 Qe6 21. Rfe1 f6 22. Nf3 Qxe2 23. Rxe2 e5 24. Rbe1 Bxf3 25. gxf3 Kh6 26. Rc2 Rd3 27. Re3 Rxe3 28. fxe3 Rd8 29. Kf2 Kh5 30. Kg3 Rd3 31. Re2 g5 32. Kh3 f5 33. Kg3 Kg6 34. h4 h5 35. a4 e4 36. f4 g4 37. axb5 axb5 38. Kf2 Kf6 39. Ke1 Ke6 40. Rc2 Kd5 41. Ke2 Kc4 42. b3+ Kxb3 43. Rc1 Rxc3 44. Rd1 Rd3 45. Rc1 Rd5 46. Rc6 b4 47. Rh6 Kc2 48. Rxh5 Rd2+ 49. Ke1 b3 50. Rxf5 b2 51. Rc5+ Kd3 52. Rb5 Rh2 53. h5 b1Q+ 54. Rxb1 Rh1+ 55. Kf2 Rxb1 56. h6 Rb7 57. Kg3 Kxe3 58. Kxg4 Rh7 59. Kg5 Rxh6 1-0

[Event "Stuttgart-chB int"]
[Site "Ditzingen"]
[Date "2010.05.15"]
[Round "6"]
[White "Kean, Christopher"]
[Black "Herkommer, Andreas"]
[Result "1/2-1/2"]
[WhiteElo "1661"]
[BlackElo "1501"]
[PlyCount "77"]
[EventDate "2010.05.13"]
[EventType "swiss"]
[EventRounds "7"]
[EventCountry "GER"]
[SourceTitle "EXT 2018"]
[Source "ChessBase"]
[SourceDate "2017.10.13"]
[SourceVersion "1"]
[SourceVersionDate "2017.10.13"]
[SourceQuality "1"]

1. e4 e5 2. Nf3 Nc6 3. Bc4 Bc5 4. d3 h6 5. a3 d6 6. h3 Nf6 7. Nc3 0-0 8. Bd2 a6 9. Qc1 Nd4 10. Bxh6 gxh6 11. Qxh6 c6 12. Ng5 Ne6 13. h4 Nf4 14. g3 Ne6 15. f4 Ng7 16. Rf1 Ngh5 17. Qg6+ Kh8 18. Nxf7+ Rxf7 19. Bxf7 Qf8 20. fxe5 dxe5 21. Rxf6 Nxf6 22. Qxf6+ Qg7 23. Qxg7+ Kxg7 24. Bb3 Bg4 25. Kd2 Rf8 26. Ne2 Rf2 27. Re1 Rh2 28. Kd1 Bf2 29. Rf1 Bh3 30. Rxf2 Rxf2 31. Nc1 Rg2 32. Na2 Rxg3 33. Kd2 Kf6 34. h5 Be6 35. Bxe6 Kxe6 36. Kc3 Rh3 37. Kc4 Kd6 38. b4 Rxh5 39. Nc3 1/2-1/2